[Los manuscritos del Maestro Fray Francisco de Vitoria (Record no. 176009)

MARC details
000 -LEADER
campo de control de longitud fija 00986nam a22002535i 4500
001 - NÚMERO DE CONTROL
campo de control 176009
003 - IDENTIFICADOR DE NÚMERO DE CONTROL
campo de control ES-MaACL
005 - FECHA Y HORA DE LA ÚLTIMA TRANSACCIÓN
campo de control 20251003063152.0
008 - DATOS DE LONGITUD FIJA--INFORMACIÓN GENERAL
campo de control de longitud fija 101209s1923 sp |||| | spa d
080 ## - NÚMERO DE LA CLASIFICACIÓN DECIMAL UNIVERSAL
Número de la Clasificación Decimal Universal 2
080 ## - NÚMERO DE LA CLASIFICACIÓN DECIMAL UNIVERSAL
Número de la Clasificación Decimal Universal 091
100 1# - ENTRADA PRINCIPAL--NOMBRE DE PERSONA
Nombre de persona Beltrán de Heredia, Vicente,
Fechas asociadas al nombre 1885-1973
9 (RLIN) 27359
245 15 - MENCIÓN DEL TÍTULO
Título [Los manuscritos del Maestro Fray Francisco de Vitoria
Resto del título : estudio crítico de introducción a sus Lecturas y Relecciones] /
Mención de responsabilidad, etc. [por Vicente Beltrán de Heredia].
260 ## - PUBLICACIÓN, DISTRIBUCIÓN, ETC.
Lugar de publicación, distribución, etc. [Madrid :
Nombre del editor, distribuidor, etc. Santo Domingo el Real,
Fecha de publicación, distribución, etc. imp. 1923]
300 ## - DESCRIPCIÓN FÍSICA
Extensión 238 p. ;
Dimensiones 26 cm.
490 1# - MENCIÓN DE SERIE
Mención de serie Biblioteca de tomistas españoles ;
Designación de volumen o secuencia 4
500 ## - NOTA GENERAL
Nota general Datos tomados de la BNE.
597 ## - NOTA DE DESCRIPCIÓN FÍSICA
NOTA DE DESCRIPCIÓN FÍSICA Faltan las pág. preliminares, la port. y las últimas pág.
600 14 - PUNTO DE ACCESO ADICIONAL DE MATERIA--NOMBRE DE PERSONA
Nombre de persona Vitoria, Francisco de-
Subdivisión de forma Bibliografías.
9 (RLIN) 144230
650 #4 - PUNTO DE ACCESO ADICIONAL DE MATERIA--TÉRMINO DE MATERIA
Término de materia o nombre geográfico como elemento de entrada Manuscritos.
9 (RLIN) 136456
830 0# - PUNTO DE ACCESO ADICIONAL DE SERIE-TÍTULO UNIFORME
Título uniforme Biblioteca de tomistas españoles ;
Designación de volumen o secuencia 4
9 (RLIN) 223956
852 ## - LOCALIZACIÓN
Ubicación ES-MaACL
Número de control de estantería E-13743
Encuadernación Olim P-875
Holdings
Estatus retirado Estado de pérdida Estado de daño No para préstamo Biblioteca de origen Biblioteca actual Ubicación en estantería Fecha de adquisición Fuente de adquisición Total de préstamos Signatura topográfica completa Código de barras Visto por última vez Precio de reemplazo Tipo de ítem Koha
        Biblioteca del Ateneo de Madrid Biblioteca del Ateneo de Madrid Depósito 2 09/12/2010     E-13743 1184839 23/02/2023 23/02/2023 Libro impreso